Fawlty Towers - Statistics

General Stats
  • This quiz has been taken 77 times
    74 since last reset
  • The average score is 10 of 15
Answer Stats
Question Answer % Correct
How many 'permanent' residents does Fawlty Towers have? Three
97%
In which town was the series set? Torquay
92%
The man in the pet shop sold it as a pedigree Siberian hamster. What was it, actually? A rat
90%
What did Manuel name his pet? Basil
88%
What does Mr Hamilton order, to eat, that Basil is not sure how to make? A Waldorf Salad
86%
What is the name of the horse that Basil surreptitiously gets Manuel to place a bet on for him? Dragonfly
71%
Who co-wrote the series with John Cleese? Connie Booth
63%
What was the name of chef that appeared in Series 2? Terry
59%
Basil has on display in the bar his personal collection of what? Coins
58%
What country is Raylene Miles from? Australia
56%
What is Dr. Abbott a doctor of? Psychiatry
56%
Who played a cutlery salesman whom Basil mistakenly believes to be a Hotel Inspector? Bernard Cribbins
46%
Which guest dies in the night, before having the chance to enjoy his breakfast of kippers? Mr Leeman
41%
What is Polly's surname? Sherman
41%
Which restaurant does Basil get a replacement duck from, when Gourmet Night goes wrong? Andre's
37%
No matching quizzes found
Score Distribution
Percent of People with Each Score
Percentile by Number Answered
Your Score History
You have not taken this quiz since the last reset